[Event "Asti op 4th"]
[Site "Asti"]
[Date "2009.04.18"]
[Round "4"]
[White "Turchetta, Gianluca"]
[Black "Ronzano, Luca"]
[Result "1/2-1/2"]
[WhiteElo "1957"]
[BlackElo "1998"]
[PlyCount "93"]
[EventDate "2009.04.16"]
[EventType "swiss"]
[EventRounds "6"]
[EventCountry "ITA"]
[SourceTitle "CBM 130 Extra"]
[Source "ChessBase"]
[SourceDate "2009.07.02"]
[SourceVersion "2"]
[SourceVersionDate "2009.07.15"]
[SourceQuality "1"]

1. e4 Nc6 2. d4 e5 3. Nf3 exd4 4. Bc4 Nf6 5. 0-0 Nxe4 6. Re1 d5 7. Bxd5 Qxd5 8. Nc3 Qh5 9. Nxe4 Be6 10. Neg5 0-0-0 11. Nxe6 fxe6 12. Rxe6 Bd6 13. Bd2 Rhf8 14. h3 Qf5 15. Re2 d3 16. cxd3 Qxd3 17. Qe1 Rxf3 18. gxf3 Nd4 19. Re3 Nxf3+ 20. Rxf3 Qxf3 21. Qe6+ Kb8 22. Re1 Bh2+ 23. Kf1 Qd3+ 24. Re2 b6 25. Kg2 Bd6 26. Bc3 g6 27. a4 Rf8 28. a5 Qf3+ 29. Kg1 Qf4 30. Rd2 Qh2+ 31. Kf1 Qh1+ 32. Ke2 Qf3+ 33. Ke1 Bc5 34. Rd7 Qh1+ 35. Kd2 Rxf2+ 36. Kd3 Qb1+ 37. Kc4 Qa2+ 38. b3 Qe2+ 39. Qxe2 Rxe2 40. a6 Re8 41. Rxh7 Rg8 42. Kb5 Bd6 43. Kc6 Kc8 44. b4 Bf4 45. b5 g5 46. Rh8 Rxh8 47. Bxh8 1/2-1/2

[Event "Turin Autumn op"]
[Site "Turin"]
[Date "2006.11.??"]
[Round "4"]
[White "Turchetta, Gianluca"]
[Black "Sorcinelli, Francesco"]
[Result "1/2-1/2"]
[WhiteElo "1584"]
[BlackElo "2108"]
[PlyCount "95"]
[EventDate "2006.10.28"]
[EventType "swiss"]
[EventRounds "7"]
[EventCountry "ITA"]
[SourceTitle "EXT 2011"]
[Source "ChessBase"]
[SourceDate "2010.11.26"]
[SourceVersion "1"]
[SourceVersionDate "2010.11.26"]
[SourceQuality "1"]

1. e4 c5 2. Nf3 d6 3. d4 cxd4 4. Nxd4 Nf6 5. Nc3 g6 6. Be2 Bg7 7. Be3 Nc6 8. Nb3 0-0 9. Qd2 Be6 10. Bh6 Rc8 11. Bxg7 Kxg7 12. Nd4 Qb6 13. Nxe6+ fxe6 14. 0-0 Qxb2 15. Rab1 Qa3 16. Rxb7 Rf7 17. Rb3 Qc5 18. Rd1 Na5 19. Rb5 Qxc3 20. Qxc3 Rxc3 21. Rxa5 Nxe4 22. f3 Rxc2 23. Bd3 Rc5 24. Rxa7 Nc3 25. Re1 e5 26. a4 e6 27. Ra8 Rf4 28. a5 Ra4 29. a6 Rc7 30. Rb8 Kf6 31. Rb7 Rxb7 32. axb7 Rb4 33. Rc1 Rxb7 34. Rxc3 Rb4 35. h4 Rxh4 36. g3 Rd4 37. Kf2 h5 38. Ke3 g5 39. Rc4 Rxc4 40. Bxc4 h4 41. g4 d5 42. Bd3 Ke7 43. Bf1 Kd6 44. Kd3 Kc5 45. Bg2 Kb4 46. Bf1 Kc5 47. Bg2 Kb4 48. Bf1 1/2-1/2